Science Quiz

Random Science or Anatomy Quiz
Score 0/14 Timer 06:00
0 Plays Today
% Correct
Head
94.8%
Antenna
93.3%
Left Middle Leg
91%
Right Forewing
89.7%
Right Foreleg
89.6%
Right Middle Leg
89.2%
Left Foreleg
89%
% Correct
Left Forewing
87.8%
Thorax
85.5%
Left Hindwing
83.8%
Right Hindwing
83.4%
Left Hind Leg
83.3%
Right Hind Leg
81.9%
Abdomen
77.5%
Remove Ads.
Support Sporcle.
Get the best of Sporcle when you Go Orange. This ad-free experience offers more features, more stats, and more fun while also helping to support Sporcle. Thank you for becoming a member.

You're not logged in!

Compare scores with friends on all Sporcle quizzes.
OR
Log In

Show Comments

Extras

Top Quizzes Today


Score Distribution

Your Account Isn't Verified!

In order to create a playlist on Sporcle, you need to verify the email address you used during registration. Go to your Sporcle Settings to finish the process.

Report this User

Report this user for behavior that violates our Community Guidelines.

Details: